Formula One 2022 Grid - Statistics

General Stats
  • This quiz has been taken 19 times
  • The average score is 19 of 20
Answer Stats
Hint Answer % Correct
FERRARI CARLOS SAINZ
100%
FERRARI CHARLES LECLERC
100%
MCLAREN DANIEL RICCIARDO
100%
MERCEDES LEWIS HAMILTON
100%
RED BULL MAX VERSTAPPEN
100%
ALPINE ESTEBAN OCON
94%
ALPINE FERNANDO ALONSO
94%
MERCEDES GEORGE RUSSELL
94%
ASTON MARTIN LANCE STROLL
94%
MCLAREN LANDO NORRIS
94%
HAAS MICK SCHUMACHER
94%
WILLIAMS NICHOLAS LATIFI
94%
ALPHA TAURI PIERRE GASLY
94%
ASTON MARTIN SEBASTIAN VETTEL
94%
RED BULL SERGIO PEREZ
94%
ALFA ROMEO VALTERRI BOTTAS
94%
WILLIAMS ALEX ALBON
88%
ALFA ROMEO GUANYU ZHOU
88%
HAAS KEVIN MAGNUSSEN
88%
ALPHA TAURI YUKI TSUNODA
82%
No matching quizzes found
Score Distribution
Percent of People with Each Score
Percentile by Number Answered
Your Score History
You have not taken this quiz